Encyclopaedia of business communication of organisation and management

Bibliographic Details
Main Author: Yadava, G. P
Format: Book
Published: New Delhi : Anmol Pub. Pvt. Ltd , 2014
Subjects:

MARC

LEADER 00000cam a2200000 7i4500
001 0000046761
005 20150406.0
008 150406
020 |a 9788126158201 
090 0 0 |a 658.45   |b YAD 
100 1 |a Yadava, G. P 
245 1 0 |a Encyclopaedia of business communication of organisation and management   |c Dr. G. P. Yadava 
260 |a New Delhi :   |b Anmol Pub. Pvt. Ltd ,   |c 2014 
650 0 |a Business communication 
650 0 |a Communication in management 
650 0 |a Communication in organization 
999 |a 0001346768   |b Book   |c REFERENCE   |e Perbadanan Perpustakaan Awam Johor